Research methodology in zoology (Record no. 395069)

MARC details
000 -LEADER
fixed length control field 00570 a2200217 4500
005 - DATE & TIME
control field 20260204151531.0
008 - FIXED-LENGTH DATA ELEMENTS--GENERAL INFORMATION
fixed length control field 260204b |||||||| |||| 00| 0 eng d
020 ## - ISBN
International Standard Book Number 9789386652355
Price Rs. 3550.00
040 ## - CATALOGING SOURCE
Original cataloging agency VIVEKANANDA LIBRARY
082 ## - DDC NUMBER
Classification number 590.72
Book Number N164R
100 ## - MAIN ENTRY--PERSONAL NAME
Personal name Narayana, Suresh
245 ## - TITLE STATEMENT
Title Research methodology in zoology
260 ## - PUBLICATION, DISTRIBUTION, ETC. (IMPRINT)
Name of publisher, distributor, etc Scientific Publishers
Date of publication, distribution, etc 2024
Place of publication, distribution, etc Jodhpur
300 ## - PHYSICAL DESCRIPTION
Pages xv, 404
650 ## - Subject
Subject Zoology
650 ## - Subject
Subject Research Methods- Zoology
700 ## - Added Entry Personal Name
Added Entry Personal Name D Varalakshmi
700 ## - Added Entry Personal Name
Added Entry Personal Name T Pullaiah
700 ## - Added Entry Personal Name
Added Entry Personal Name Rao, K R S Sambasiva
942 ## - ADDED ENTRY ELEMENTS (KOHA)
Koha item type Books
Holdings
Withdrawn status Lost status Source of classification or shelving scheme Damaged status Not for loan Location (home branch) Sublocation or collection (holding branch) Shelving location Date acquired Koha issues (times borrowed) Koha full call number Accession No. Koha date last seen Koha item type
    Dewey Decimal Classification     VIVEKANANDA LIBRARY VIVEKANANDA LIBRARY Vivekananda Library 06/01/2026   590.72 N164R 444112 06/01/2026 Books
© Designed and Maintained by Vivekananda Library, MDU Rohtak